000 00519nam a2200181 a 4500
005 20140412111306.0
008 010502s19uu xx 00 eng d
020 _a0-307-11999-8
050 _aTR(PS E
_bFi49 1989
100 _aSzekeres, Cyndy
245 _aA fine mouse band /
_cwritten and illustrated by Cyndy Szekeres.
260 _aNew York :
_bA Golden Book,
_c1989.
300 _a1v. (unp.) ; ill.
440 _aTiny Paw Library
650 _aBand-Stories
650 _aChildren's stories
999 _c103669
_d103669